Nâng cao chất lượng đội ngũ giảng viên giáo dục quốc phòng an - ninh các trường ĐH, CĐ trên địa bàn tỉnh Đồng Tháp Luận văn thạc sĩ Khoa học Chính trị . Chuyên ngành: Chính trị học. Mã số: 60 31 02 01

में बचाया:
ग्रंथसूची विवरण
मुख्य लेखक: Trần Minh Sang
अन्य लेखक: Trần, Quang Thái (hướng dẫn)
स्वरूप: सामग्री का झोला पुस्तक
भाषा:Vietnamese
प्रकाशित: Nghệ An Đại học Vinh 2017
विषय:
टैग : टैग जोड़ें
कोई टैग नहीं, इस रिकॉर्ड को टैग करने वाले पहले व्यक्ति बनें!
Thư viện lưu trữ: Trung tâm Học liệu Lê Vũ Hùng, Trường Đại học Đồng Tháp
LEADER 01159ppm a22002538a 4500
001 00040571
005 20171212081215.0
008 150323s2014 ||||||viesd
041 0 # |a vie 
082 1 4 |a 378.1  |b N122C 
100 1 # |a Trần Minh Sang 
245 0 0 |c Trần Minh Sang; Trần Quang Thái (hướng dẫn)  |a Nâng cao chất lượng đội ngũ giảng viên giáo dục quốc phòng an - ninh các trường ĐH, CĐ trên địa bàn tỉnh Đồng Tháp  |b Luận văn thạc sĩ Khoa học Chính trị . Chuyên ngành: Chính trị học. Mã số: 60 31 02 01 
260 # # |c 2017  |a Nghệ An  |b Đại học Vinh 
300 # # |a 101tr. +phụ lục  |c 30cm. 
500 # # |a ĐTTTS ghi: Bộ giáo dục và đào tạo. Trường Đại học Vinh 
653 # # |a Chất lượng 
653 # # |a Đại học 
653 # # |a Quốc Phòng 
653 # # |a Giáo dục 
653 # # |a Luận Văn 
700 1 # |a Trần, Quang Thái  |e hướng dẫn 
852 # # |j LV.0001336 
910 |d 08/12/2017 
980 # # |a Trung tâm Học liệu Lê Vũ Hùng, Trường Đại học Đồng Tháp